Personnage One Piece par les yeux - Statistiques

Statistiques générales
  • Ce quiz a été pris 1 882 fois
  • Le résultat moyen est 10 sur 12
Statistiques - réponses
Par images Réponse % Correct
Zoro
100%
Shanks
94%
Ace
93%
Oden
88%
Aokiji
84%
Perona
83%
Rob lucci
80%
Caribou
76%
Ryuma
74%
Iceburg
63%
Carotte
62%
Nekomamushi
60%
Aucun quiz correspondant
Distribution des résultats
% des personnes avec chaque résultat
Percentile par nombre de réponses
Votre historique - résultats
Vous n’avez pas pris ce quiz